[Event "87th UKR-ch"]
[Site "Kyiv UKR"]
[Date "2018.12.11"]
[Round "1"]
[White "Bogdanovich, Stanislav"]
[Black "Baklan, Volodymyr"]
[WhiteElo "2537"]
[BlackElo "2608"]
[Result "1/2-1/2"]
[EventDate "2018.12.11"]
[PlyCount "81"]

1. Nf3 Nf6 2. c4 e6 3. Nc3 d5 4. d4 c5 5. cxd5 Nxd5 6. g3 cxd4 7. Nxd5 Qxd5 8. Qxd4 Qb5 9. e4 Qb4+ 10. Bd2 Nc6 11. Qxb4 Bxb4 12. Bb5 Bxd2+ 13. Kxd2 Bd7 14. Ke3 Ke7 15. Rac1 Rac8 16. Bxc6 Rxc6 17. Ne5 Rxc1 18. Rxc1 f6 19. Nd3 Rc8 20. Rxc8 Bxc8 21. e5 b6 22. Kd4 Bb7 23. Nb4 Bf3 24. a3 Kd7 25. Nc2 Bd1 26. Ne3 Be2 27. Ke4 f5+ 28. Kd4 g5 29. Nc2 Bd1 30. Nb4 Bb3 31. Nd3 Kc6 32. Nc1 Bd1 33. Na2 Bb3 34. Nc1 Bd1 35. Na2 Bb3 36. Nc3 h6 37. h3 a6 38. Nb1 a5 39. Nd2 Bd5 40. Nb1 Bb3 41. Nd2 1/2-1/2

[Event "87th UKR-ch"]
[Site "Kyiv UKR"]
[Date "2018.12.11"]
[Round "1"]
[White "Holubka, Petro"]
[Black "Bernadskyi, Vitalii"]
[WhiteElo "2464"]
[BlackElo "2547"]
[Result "1/2-1/2"]
[EventDate "2018.12.11"]
[PlyCount "102"]

1. e4 c6 2. d4 d5 3. exd5 cxd5 4. c4 Nf6 5. Nc3 e6 6. Nf3 Be7 7. cxd5 Nxd5 8. Bd3 Nc6 9. O-O O-O 10. Re1 Bf6 11. Be4 Nce7 12. Qd3 g6 13. Bh6 Bg7 14. Bxg7 Kxg7 15. Ne5 b6 16. h4 Bb7 17. Rad1 Rc8 18. g3 Nf5 19. h5 Qg5 20. Nxd5 Bxd5 21. Bxd5 exd5 22. hxg6 hxg6 23. Nf3 Qg4 24. Nh2 Qh3 25. g4 Qxd3 26. Rxd3 Nd6 27. Rd2 Rfe8 28. Rxe8 Rxe8 29. b3 Kh6 30. Nf1 Ne4 31. Rc2 Ng5 32. Ne3 Re4 33. Rc7 Rxd4 34. Rxa7 Rd2 35. Kf1 f6 36. Rd7 Ne4 37. g5+ fxg5 38. Ng4+ Kh5 39. f3 Kh4 40. fxe4 Kxg4 41. exd5 Rxa2 42. Rd6 Rd2 43. Rxb6 Rxd5 44. Rxg6 Kf3 45. Re6 g4 46. Re1 g3 47. Rc1 Rd2 48. Kg1 Rg2+ 49. Kf1 Rb2 50. Rc3+ Kg4 51. Rc8 Rxb3 1/2-1/2

[Event "87th UKR-ch"]
[Site "Kyiv UKR"]
[Date "2018.12.11"]
[Round "1"]
[White "Kuzubov, Yuriy"]
[Black "Kravtsiv, Martyn"]
[WhiteElo "2655"]
[BlackElo "2644"]
[Result "1/2-1/2"]
[EventDate "2018.12.11"]
[PlyCount "155"]

1. d4 Nf6 2. c4 e6 3. Nf3 d5 4. Nc3 Nbd7 5. Qc2 Bb4 6. a3 Bxc3+ 7. Qxc3 O-O 8. Bg5 h6 9. Bh4 c5 10. e3 b6 11. cxd5 exd5 12. Bd3 Bb7 13. dxc5 bxc5 14. O-O Qb6 15. Rfd1 Rfe8 16. Bf5 Ne4 17. Qc2 Ndf6 18. Rac1 g6 19. Bxe4 Nxe4 20. Nd2 Rac8 21. Nxe4 Rxe4 22. Bg3 Qc6 23. f3 Re6 24. Bf2 Qb5 25. a4 Qb4 26. Be1 Qb6 27. Qd2 Kh7 28. Bf2 Qb3 29. Rc3 Qxa4 30. Ra3 Qb5 31. Rxa7 Rb6 32. Ra2 Ra8 33. Rxa8 Bxa8 34. Qc1 Bb7 35. Rd2 Ra6 36. h4 h5 37. Rc2 c4 38. Be1 Qa4 39. Kh2 Qa1 40. Qd2 Ra2 41. Qb4 Ra4 42. Qxb7 Qxe1 43. Qxf7+ Kh6 44. Qf8+ Kh7 45. Qe7+ Kh6 46. e4 dxe4 47. fxe4 Ra1 48. Qf8+ Kh7 49. Qf7+ Kh8 50. Rf2 Qh1+ 51. Kg3 Qe1 52. Qf4 Kh7 53. e5 Ra7 54. Qf6 c3 55. bxc3 Qxc3+ 56. Kh2 Qc7 57. Qd6 Qc4 58. g3 Rf7 59. Rxf7+ Qxf7 60. Kg2 Kg7 61. Qd4 Qe6 62. Kf2 Kf7 63. Qa7+ Ke8 64. Qb8+ Ke7 65. Ke3 Qd5 66. Qh8 Qc5+ 67. Kf4 Qc1+ 68. Ke4 Qc4+ 69. Ke3 Qc3+ 70. Kf4 Qc1+ 71. Kf3 Qc3+ 72. Kg2 Qc2+ 73. Kf1 Qc1+ 74. Kg2 Qc6+ 75. Kg1 Qc1+ 76. Kf2 Qc2+ 77. Kf3 Qc3+ 78. Kg2 1/2-1/2

[Event "87th UKR-ch"]
[Site "Kyiv UKR"]
[Date "2018.12.12"]
[Round "2"]
[White "Bernadskyi, Vitalii"]
[Black "Kuzubov, Yuriy"]
[WhiteElo "2547"]
[BlackElo "2655"]
[Result "1/2-1/2"]
[EventDate "2018.12.11"]
[PlyCount "145"]

1. e4 e5 2. Nf3 Nf6 3. Nxe5 d6 4. Nf3 Nxe4 5. d4 d5 6. Bd3 Be7 7. O-O Bf5 8. c4 dxc4 9. Bxc4 O-O 10. Re1 Nd6 11. Bd5 Na6 12. Nc3 Nb4 13. Bb3 Nd3 14. Re2 Nxc1 15. Qxc1 Bg4 16. Nd5 Bg5 17. Qxc7 Qxc7 18. Nxc7 Rad8 19. Nd5 Nf5 20. Re4 Bxf3 21. gxf3 Rd6 22. Rd1 Rfd8 23. f4 Bf6 24. Rde1 g6 25. Nxf6+ Rxf6 26. Re8+ Rxe8 27. Rxe8+ Kg7 28. Rd8 Rd6 29. Rxd6 Nxd6 30. f3 Nf5 31. d5 Kf6 32. Bc2 Nd4 33. Be4 Ne2+ 34. Kf2 Nxf4 35. Ke3 Ke5 36. d6 b6 37. d7 Ne6 38. Bd3 Kd6 39. Bb5 Ke7 40. Ke4 a6 41. Bf1 Nc5+ 42. Kf4 f6 43. b4 Ne6+ 44. Ke4 Nc7 45. Bh3 f5+ 46. Ke5 Kxd7 47. f4 Ne6 48. Bf1 a5 49. bxa5 bxa5 50. Bc4 Nc5 51. Kf6 Ne4+ 52. Kg7 Ke7 53. Bg8 g5 54. Bxh7 gxf4 55. Bxf5 Ng5 56. Bd3 Nf3 57. h3 Ke6 58. Be2 Nh4 59. Kh6 f3 60. Bd3 f2 61. Kg5 Nf3+ 62. Kf4 Nd2 63. h4 f1=Q+ 64. Bxf1 Nxf1 65. h5 Nd2 66. h6 Kf6 67. Ke3 Nb1 68. Kd4 Kg6 69. Kc4 Kxh6 70. Kb5 a4 71. Kxa4 Nc3+ 72. Kb3 Nxa2 73. Kxa2 1/2-1/2

[Event "87th UKR-ch"]
[Site "Kyiv UKR"]
[Date "2018.12.12"]
[Round "2"]
[White "Bogdanovich, Stanislav"]
[Black "Holubka, Petro"]
[WhiteElo "2537"]
[BlackElo "2464"]
[Result "0-1"]
[EventDate "2018.12.11"]
[PlyCount "64"]

1. e4 c5 2. Nf3 d6 3. d4 cxd4 4. Nxd4 Nf6 5. Nc3 a6 6. Bg5 e6 7. Qd2 Be7 8. O-O-O b5 9. f3 Bb7 10. h4 Nbd7 11. g4 Rc8 12. Be3 Ne5 13. g5 Nh5 14. Rg1 O-O 15. f4 Nc4 16. Bxc4 Rxc4 17. f5 Qc8 18. g6 hxg6 19. fxe6 fxe6 20. Rxg6 b4 21. Na4 Bxe4 22. Nb6 Bxg6 23. Nxc8 Rfxc8 24. Rg1 Be4 25. b3 Rc3 26. Qe2 Bf6 27. Kb1 d5 28. Qxa6 Nf4 29. Rc1 e5 30. Bd2 exd4 31. Bxc3 Rxc3 32. Qd6 d3 0-1

[Event "87th UKR-ch"]
[Site "Kyiv UKR"]
[Date "2018.12.12"]
[Round "2"]
[White "Kravtsiv, Martyn"]
[Black "Moiseenko, Olexandr"]
[WhiteElo "2644"]
[BlackElo "2640"]
[Result "0-1"]
[EventDate "2018.12.11"]
[PlyCount "72"]

1. d4 Nf6 2. c4 e6 3. Nc3 Bb4 4. f3 c5 5. d5 b5 6. e4 d6 7. Nge2 bxc4 8. Nf4 Bxc3+ 9. bxc3 e5 10. Ne2 Nh5 11. h4 Nd7 12. g4 Qf6 13. Kf2 Nf4 14. Nxf4 exf4 15. Qd2 h6 16. Bxc4 Ne5 17. Be2 g5 18. Rb1 Kf8 19. c4 Kg7 20. hxg5 hxg5 21. Rxh8 Kxh8 22. Bb2 Kg7 23. Bxe5 Qxe5 24. Qb2 Qxb2 25. Rxb2 Kf6 26. Ke1 Ke5 27. Kd2 Kd4 28. Rb3 Bd7 29. Ra3 a5 30. Rb3 Rh8 31. Rb7 Ba4 32. Rb1 Rh2 33. Rc1 f6 34. Ke1 Rh1+ 35. Bf1 Rh8 36. Be2 Rb8 0-1

[Event "87th UKR-ch"]
[Site "Kyiv UKR"]
[Date "2018.12.13"]
[Round "3"]
[White "Holubka, Petro"]
[Black "Baklan, Volodymyr"]
[WhiteElo "2464"]
[BlackElo "2608"]
[Result "1-0"]
[EventDate "2018.12.11"]
[PlyCount "113"]

1. e4 e5 2. Nf3 Nc6 3. Bb5 a6 4. Ba4 Nf6 5. d3 d6 6. c3 g6 7. O-O Bg7 8. Nbd2 O-O 9. Re1 b5 10. Bc2 Re8 11. Nf1 h6 12. Ng3 d5 13. a4 dxe4 14. Nxe4 Nxe4 15. dxe4 Be6 16. b4 Qxd1 17. Rxd1 Rad8 18. Be3 Bc4 19. axb5 axb5 20. Ra6 Rxd1+ 21. Bxd1 Rd8 22. Nd2 Rd6 23. Bf3 Bd3 24. Bc5 Rf6 25. Ra8+ Kh7 26. g4 Rxf3 27. Nxf3 Bxe4 28. Nd2 Bd5 29. Re8 Be6 30. f3 e4 31. Nxe4 Bd7 32. Ra8 f5 33. gxf5 gxf5 34. Nf2 Bxc3 35. Nd3 Kg7 36. Kf2 Kf7 37. Ke3 Bf6 38. Ra6 h5 39. Kd2 Ne7 40. Bxe7 Kxe7 41. Nc5 Be8 42. Ke3 Bg5+ 43. f4 Bf6 44. Nd3 c6 45. Ne5 Kd6 46. Ra8 Bd7 47. Kd4 Bh4 48. Rh8 Bf2+ 49. Kd3 Be6 50. Rxh5 c5 51. bxc5+ Bxc5 52. Rh6 b4 53. h4 Kd5 54. Rh8 Be7 55. h5 Bf6 56. Rb8 Bxe5 57. Rb5+ 1-0

[Event "87th UKR-ch"]
[Site "Kyiv UKR"]
[Date "2018.12.13"]
[Round "3"]
[White "Kuzubov, Yuriy"]
[Black "Bogdanovich, Stanislav"]
[WhiteElo "2655"]
[BlackElo "2537"]
[Result "1-0"]
[EventDate "2018.12.11"]
[PlyCount "51"]

1. c4 e6 2. d4 Nf6 3. Nf3 d5 4. Nc3 dxc4 5. e4 Bb4 6. Bg5 c5 7. e5 cxd4 8. Qa4+ Nc6 9. O-O-O Qa5 10. exf6 Bxc3 11. fxg7 Rg8 12. Qxc4 Rxg7 13. bxc3 Rxg5 14. Nxg5 Qxg5+ 15. Kb2 Bd7 16. cxd4 Rc8 17. Be2 a5 18. Qc5 Qg6 19. Bd3 Qf6 20. Bb5 Qxf2+ 21. Ka1 b6 22. Qd6 Qf5 23. a4 Nb8 24. Rhf1 Qg5 25. Bxd7+ Nxd7 26. Rxf7 1-0

[Event "87th UKR-ch"]
[Site "Kyiv UKR"]
[Date "2018.12.13"]
[Round "3"]
[White "Moiseenko, Olexandr"]
[Black "Bernadskyi, Vitalii"]
[WhiteElo "2640"]
[BlackElo "2547"]
[Result "1-0"]
[EventDate "2018.12.11"]
[PlyCount "91"]

1. d4 d5 2. c4 e6 3. Nc3 Bb4 4. cxd5 exd5 5. Bf4 Nf6 6. e3 Bf5 7. Qa4+ Nc6 8. Bb5 O-O 9. Nge2 Bxc3+ 10. bxc3 Ne7 11. Ng3 Bd7 12. Rb1 b6 13. O-O Bxb5 14. Qxb5 Ne8 15. c4 c6 16. Qb3 Ng6 17. Ne2 Nxf4 18. Nxf4 Nf6 19. cxd5 cxd5 20. Rfc1 Qd7 21. Rc2 Rac8 22. Rbc1 g6 23. h3 Kg7 24. a4 Rfe8 25. Qb5 Rxc2 26. Rxc2 Qxb5 27. axb5 Re7 28. Rc8 Rd7 29. f3 h5 30. g4 hxg4 31. hxg4 Nh7 32. Kf2 Nf8 33. Re8 f6 34. Ne6+ Nxe6 35. Rxe6 g5 36. Rc6 Kf7 37. Ke2 Ke7 38. Kd3 Rb7 39. e4 dxe4+ 40. fxe4 Rd7 41. d5 Kf7 42. Ke3 Rb7 43. e5 fxe5 44. Ke4 Re7 45. d6 Re6 46. d7 1-0

[Event "87th UKR-ch"]
[Site "Kyiv UKR"]
[Date "2018.12.14"]
[Round "4"]
[White "Bernadskyi, Vitalii"]
[Black "Kovchan, Alexander"]
[WhiteElo "2547"]
[BlackElo "2575"]
[Result "1-0"]
[EventDate "2018.12.11"]
[PlyCount "87"]

1. e4 c5 2. Nf3 d6 3. Bb5+ Bd7 4. Bxd7+ Qxd7 5. O-O Nc6 6. c3 Nf6 7. Qe2 Qg4 8. Re1 Ne5 9. Na3 Nxf3+ 10. Qxf3 Qxf3 11. gxf3 e6 12. d4 cxd4 13. Nb5 Kd7 14. Nxd4 Rc8 15. Be3 a6 16. Rac1 b5 17. a4 bxa4 18. Ra1 Rc4 19. Nc2 Be7 20. Bc1 Rb8 21. Ne3 Rc6 22. Rxa4 Ke8 23. Nc2 d5 24. Nd4 Rcb6 25. e5 Nd7 26. b4 Rc8 27. Bd2 Rc4 28. Nb3 g5 29. Kg2 Nf8 30. Rea1 Ng6 31. Rxa6 Rxa6 32. Rxa6 Nxe5 33. Ra8+ Kd7 34. b5 Bd8 35. Be3 Nd3 36. b6 Bxb6 37. Bxb6 Rxc3 38. Ra7+ Ke8 39. Nd4 Nf4+ 40. Kg3 Rc1 41. h4 Rg1+ 42. Kh2 Rg2+ 43. Kh1 Rxf2 44. Ra8+ 1-0

[Event "87th UKR-ch"]
[Site "Kyiv UKR"]
[Date "2018.12.14"]
[Round "4"]
[White "Bogdanovich, Stanislav"]
[Black "Moiseenko, Olexandr"]
[WhiteElo "2537"]
[BlackElo "2640"]
[Result "1/2-1/2"]
[EventDate "2018.12.11"]
[PlyCount "84"]

1. c4 e5 2. Nc3 Bb4 3. Nd5 Bc5 4. Nf3 c6 5. Nc3 d6 6. g3 Nf6 7. d4 exd4 8. Nxd4 O-O 9. Bg2 Re8 10. O-O a5 11. b3 Na6 12. Bb2 Ba7 13. Qd2 Qe7 14. Rad1 Nc5 15. e4 Bg4 16. f3 Bd7 17. Kh1 Rad8 18. Rfe1 Bc8 19. g4 h6 20. Nce2 Qc7 21. Ng3 Nh7 22. Bc3 Bb6 23. Ndf5 Bxf5 24. Nxf5 f6 25. Nxd6 Re6 26. e5 fxe5 27. Bxe5 Nf6 28. Bg3 Qd7 29. g5 Rxe1+ 30. Qxe1 hxg5 31. Qe5 g4 32. Rd2 gxf3 33. Bxf3 Qh3 34. Rg2 Bc7 35. Qxc5 Bxd6 36. Qxa5 Re8 37. Bxc6 bxc6 38. Bxd6 Qf3 39. Be5 Qf1+ 40. Rg1 Qf3+ 41. Rg2 Qf1+ 42. Rg1 Qf3+ 1/2-1/2

[Event "87th UKR-ch"]
[Site "Kyiv UKR"]
[Date "2018.12.14"]
[Round "4"]
[White "Holubka, Petro"]
[Black "Kuzubov, Yuriy"]
[WhiteElo "2464"]
[BlackElo "2655"]
[Result "1/2-1/2"]
[EventDate "2018.12.11"]
[PlyCount "27"]

1. e4 e5 2. Nf3 Nf6 3. Nxe5 d6 4. Nf3 Nxe4 5. c4 Be7 6. Nc3 Nxc3 7. dxc3 Nc6 8. Bd3 Bg4 9. O-O O-O 10. Bf4 Bf6 11. h3 Bh5 12. Re1 Be5 13. Be3 Re8 14. Be2 1/2-1/2

[Event "87th UKR-ch"]
[Site "Kyiv UKR"]
[Date "2018.12.14"]
[Round "4"]
[White "Kravtsiv, Martyn"]
[Black "Korobov, Anton"]
[WhiteElo "2644"]
[BlackElo "2698"]
[Result "1-0"]
[EventDate "2018.12.11"]
[PlyCount "81"]

1. e4 c5 2. Nf3 d6 3. d4 cxd4 4. Nxd4 Nf6 5. Nc3 a6 6. Nb3 e6 7. g4 b5 8. Bg2 Bb7 9. g5 Nfd7 10. O-O Be7 11. f4 Nc6 12. a3 O-O 13. Rf3 f6 14. Bh3 f5 15. exf5 exf5 16. Bg2 Nb6 17. Rh3 Qe8 18. Be3 Nc4 19. Bf2 Kh8 20. Bd5 Bd8 21. Qf3 Bb6 22. Kg2 Bxf2 23. Kxf2 Rc8 24. Re1 N6e5 25. Bxb7 Nxf3 26. Rxe8 Rcxe8 27. Rxf3 Nxb2 28. Bxa6 Ra8 29. Bxb5 Rxa3 30. Ke2 g6 31. Re3 Rc8 32. Kd2 Nc4+ 33. Bxc4 Rxc4 34. Ne2 Rc7 35. Re8+ Kg7 36. Ned4 Rd7 37. h4 h5 38. Re6 Raa7 39. Rf6 Kh7 40. Ne6 Rf7 41. Nbd4 1-0

[Event "87th UKR-ch"]
[Site "Kyiv UKR"]
[Date "2018.12.15"]
[Round "5"]
[White "Korobov, Anton"]
[Black "Bernadskyi, Vitalii"]
[WhiteElo "2698"]
[BlackElo "2547"]
[Result "1-0"]
[EventDate "2018.12.11"]
[PlyCount "95"]

1. d4 d5 2. Nf3 Nf6 3. c4 e6 4. Nc3 Bb4 5. Bg5 h6 6. Bxf6 Qxf6 7. e3 O-O 8. Rc1 dxc4 9. Bxc4 c5 10. O-O cxd4 11. Ne4 Qd8 12. Nxd4 Bd7 13. Qb3 Qb6 14. a3 Be7 15. Qxb6 axb6 16. Bb5 e5 17. Bxd7 exd4 18. Rc7 dxe3 19. Bb5 Bd8 20. Rxb7 exf2+ 21. Rxf2 Na6 22. Bc4 Nc5 23. Nxc5 bxc5 24. Rfxf7 Rxf7 25. Rxf7 Kh7 26. Rf8 Rb8 27. a4 Kg6 28. a5 Bc7 29. Bd3+ Kh5 30. Rf5+ g5 31. Rxc5 Bf4 32. Rc2 Be5 33. a6 Bxb2 34. Rc4 Ra8 35. Ra4 Bc1 36. Kf2 Bf4 37. Be4 Ra7 38. Bb7 Kg6 39. h3 h5 40. Kf3 Kf5 41. g4+ Kg6 42. Rxf4 gxf4 43. Kxf4 hxg4 44. hxg4 Kf6 45. g5+ Kg6 46. Kg4 Kg7 47. Kf5 Kf7 48. g6+ 1-0

[Event "87th UKR-ch"]
[Site "Kyiv UKR"]
[Date "2018.12.15"]
[Round "5"]
[White "Kovchan, Alexander"]
[Black "Bogdanovich, Stanislav"]
[WhiteElo "2575"]
[BlackElo "2537"]
[Result "0-1"]
[EventDate "2018.12.11"]
[PlyCount "124"]

1. Nf3 Nf6 2. g3 c5 3. c4 Nc6 4. Bg2 d6 5. d4 cxd4 6. Nxd4 Bd7 7. Nc3 g6 8. Nxc6 Bxc6 9. e4 Bg7 10. Be3 O-O 11. O-O Rc8 12. Rc1 a6 13. Re1 Qa5 14. Bd2 Rfe8 15. a3 Bd7 16. Nd5 Qd8 17. Qb3 Nxd5 18. exd5 b5 19. cxb5 Bxb5 20. Bc3 Bh6 21. Rcd1 Qd7 22. Re4 Qc7 23. Rde1 Bd3 24. Rh4 Bg5 25. Rg4 Bf6 26. Bxf6 Bf5 27. Rf4 exf6 28. Rxe8+ Rxe8 29. h4 Qc1+ 30. Kh2 Re2 31. Qb8+ Kg7 32. h5 h6 33. hxg6 Bxg6 34. Qd8 Qxb2 35. Rb4 Qc2 36. Rb8 Bh7 37. Qh8+ Kg6 38. Rg8+ Bxg8 39. Qxg8+ Kf5 40. Qxf7 Ke5 41. Qa7 Rxf2 42. Qe3+ Kf5 43. Qe6+ Kg5 44. Qe3+ Kg4 45. Qe6+ Qf5 46. Qg8+ Qg5 47. Qe6+ f5 48. Qxd6 a5 49. Qe5 f4 50. Qe6+ Qf5 51. Qg8+ Kh5 52. Qe8+ Qg6 53. Qe5+ Kg4 54. gxf4 Qf5 55. Qg7+ Kh5 56. Kg1 Rxf4 57. Qc3 Qb1+ 58. Kh2 Qb8 59. Kg1 Qb6+ 60. Kh2 Qd4 61. Qc8 Rh4+ 62. Bh3 Qe5+ 0-1

[Event "87th UKR-ch"]
[Site "Kyiv UKR"]
[Date "2018.12.15"]
[Round "5"]
[White "Kuzubov, Yuriy"]
[Black "Baklan, Volodymyr"]
[WhiteElo "2655"]
[BlackElo "2608"]
[Result "1/2-1/2"]
[EventDate "2018.12.11"]
[PlyCount "39"]

1. d4 Nf6 2. c4 e6 3. Nf3 d5 4. g3 Be7 5. Bg2 O-O 6. O-O dxc4 7. Qc2 a6 8. a4 c5 9. dxc5 Bxc5 10. Qxc4 Nbd7 11. b4 Be7 12. Nc3 b5 13. Qd4 Bb7 14. axb5 axb5 15. Rxa8 Qxa8 16. Nxb5 e5 17. Qb2 Qa4 18. Nc3 Qxb4 19. Qxb4 Bxb4 20. Bb2 1/2-1/2

[Event "87th UKR-ch"]
[Site "Kyiv UKR"]
[Date "2018.12.15"]
[Round "5"]
[White "Moiseenko, Olexandr"]
[Black "Holubka, Petro"]
[WhiteElo "2640"]
[BlackElo "2464"]
[Result "1-0"]
[EventDate "2018.12.11"]
[PlyCount "93"]

1. d4 Nf6 2. c4 e6 3. Nf3 Bb4+ 4. Nbd2 b6 5. a3 Bxd2+ 6. Qxd2 Bb7 7. e3 O-O 8. Be2 a5 9. b3 d6 10. Bb2 Nbd7 11. O-O Qe7 12. Rfd1 Ne4 13. Qc2 f5 14. d5 e5 15. b4 c6 16. dxc6 Bxc6 17. Nd2 Ng5 18. f3 f4 19. e4 Ne6 20. Qd3 Rfd8 21. Nb1 Nf6 22. Nc3 Nd4 23. Bf1 Rab8 24. Nd5 Nxd5 25. Bxd4 Ba4 26. Rd2 Nf6 27. Bf2 axb4 28. axb4 b5 29. Qc3 Kh8 30. c5 d5 31. exd5 Nxd5 32. Qb2 Nf6 33. Re1 Rxd2 34. Qxd2 Re8 35. c6 Qc7 36. Qc3 Re6 37. Rc1 e4 38. Bd4 exf3 39. Qxf3 h6 40. h3 Ne4 41. Qg4 Bb3 42. Bxb5 Nf6 43. Qf5 f3 44. Qxf3 Bd5 45. Qf2 Bxc6 46. Bxf6 Rxf6 47. Qc5 1-0

[Event "87th UKR-ch"]
[Site "Kyiv UKR"]
[Date "2018.12.17"]
[Round "6"]
[White "Baklan, Volodymyr"]
[Black "Kravtsiv, Martyn"]
[WhiteElo "2608"]
[BlackElo "2644"]
[Result "1/2-1/2"]
[EventDate "2018.12.11"]
[PlyCount "37"]

1. e4 e5 2. Nf3 Nc6 3. Bc4 Nf6 4. d3 Bc5 5. O-O O-O 6. h3 h6 7. Re1 d6 8. c3 a5 9. Nbd2 Be6 10. Bb5 Qb8 11. Bxc6 bxc6 12. d4 exd4 13. cxd4 Bb6 14. Nf1 d5 15. e5 Ne4 16. Be3 a4 17. Qc1 Qe8 18. Ng3 Nxg3 19. fxg3 1/2-1/2

[Event "87th UKR-ch"]
[Site "Kyiv UKR"]
[Date "2018.12.17"]
[Round "6"]
[White "Bogdanovich, Stanislav"]
[Black "Korobov, Anton"]
[WhiteElo "2537"]
[BlackElo "2698"]
[Result "1/2-1/2"]
[EventDate "2018.12.11"]
[PlyCount "80"]

1. e4 e5 2. Nf3 Nc6 3. Bb5 a6 4. Ba4 Nf6 5. O-O Be7 6. d3 b5 7. Bb3 d6 8. a4 Bg4 9. c3 O-O 10. h3 Bh5 11. Nbd2 b4 12. a5 bxc3 13. bxc3 Qc8 14. Nc4 Rb8 15. Ba4 Nd8 16. Ne3 c5 17. Nf5 Qc7 18. Bb3 Bxf3 19. gxf3 g6 20. Nxe7+ Qxe7 21. f4 Ne6 22. fxe5 dxe5 23. Bc4 Qd6 24. Bh6 Rfd8 25. Qf3 Nh5 26. Rfb1 Nhf4 27. Kh2 Qc6 28. h4 Qd6 29. h5 Qe7 30. Qg4 Qf6 31. Bxe6 Nxe6 32. Be3 Ra8 33. Rd1 Rd6 34. Rab1 Rad8 35. Rb6 Kg7 36. Kg1 R8d7 37. Rdb1 g5 38. Rxd6 Rxd6 39. Rb6 Rxd3 40. Rxa6 Rxc3 1/2-1/2

[Event "87th UKR-ch"]
[Site "Kyiv UKR"]
[Date "2018.12.18"]
[Round "7"]
[White "Korobov, Anton"]
[Black "Holubka, Petro"]
[WhiteElo "2698"]
[BlackElo "2464"]
[Result "1-0"]
[EventDate "2018.12.11"]
[PlyCount "69"]

1. d4 Nf6 2. c4 e6 3. Nf3 d5 4. Nc3 Be7 5. Bf4 O-O 6. e3 b6 7. Rc1 dxc4 8. Bxc4 Bb7 9. O-O a6 10. Qe2 Nbd7 11. Rfd1 Bd6 12. Bg5 b5 13. Bd3 Qe7 14. Ne4 h6 15. Bh4 Rac8 16. Nxf6+ Nxf6 17. e4 e5 18. dxe5 Bxe5 19. Nxe5 Qxe5 20. Bg3 Qe6 21. e5 Nd5 22. Be4 Rcd8 23. Rd3 Rfe8 24. Qf3 c6 25. h4 Bc8 26. h5 Bd7 27. Rcd1 Rc8 28. Rd4 Rf8 29. Qa3 Rfe8 30. Bc2 f5 31. exf6 Qxf6 32. Qd3 Kf8 33. Qh7 Re2 34. Rf4 Nxf4 35. Rxd7 1-0

[Event "87th UKR-ch"]
[Site "Kyiv UKR"]
[Date "2018.12.18"]
[Round "7"]
[White "Kovchan, Alexander"]
[Black "Kuzubov, Yuriy"]
[WhiteElo "2575"]
[BlackElo "2655"]
[Result "1/2-1/2"]
[EventDate "2018.12.11"]
[PlyCount "111"]

1. Nf3 d5 2. g3 g6 3. d4 Nf6 4. Bg2 Bg7 5. O-O O-O 6. c4 Nc6 7. cxd5 Nxd5 8. e4 Nb6 9. d5 Na5 10. Nc3 c6 11. Bf4 Bg4 12. h3 Bxf3 13. Qxf3 cxd5 14. exd5 Rc8 15. Rac1 Nac4 16. b3 Nd6 17. Ne4 Nf5 18. Nc5 Nd4 19. Qe4 Qxd5 20. Qxd5 Ne2+ 21. Kh2 Nxd5 22. Bxd5 Nxc1 23. Rxc1 Bb2 24. Rc4 b5 25. Rc2 Ba3 26. Be3 Rc7 27. b4 Bxb4 28. Na6 Rxc2 29. Nxb4 Rc7 30. Bc6 a6 31. Nd5 Rfc8 32. Nxc7 Rxc7 33. Be4 a5 34. Kg2 a4 35. Bf4 Rc8 36. Kf3 b4 37. Ke3 b3 38. axb3 axb3 39. Be5 Rc1 40. Kd2 Rf1 41. Ke2 Rc1 42. Bb2 Rc8 43. Kd2 g5 44. g4 h6 45. Bd3 Kf8 46. Bc3 f6 47. Be2 Kf7 48. Bd1 Rd8+ 49. Ke2 Rb8 50. Bb2 e6 51. Kd2 Rd8+ 52. Kc1 Rd3 53. f3 h5 54. Be2 Rd8 55. Bc3 Rh8 56. Bd1 1/2-1/2

[Event "87th UKR-ch"]
[Site "Kyiv UKR"]
[Date "2018.12.18"]
[Round "7"]
[White "Kravtsiv, Martyn"]
[Black "Bernadskyi, Vitalii"]
[WhiteElo "2644"]
[BlackElo "2547"]
[Result "1/2-1/2"]
[EventDate "2018.12.11"]
[PlyCount "59"]

1. e4 c6 2. d4 d5 3. e5 Bf5 4. Nf3 e6 5. Be2 Ne7 6. O-O h6 7. a4 Nd7 8. a5 a6 9. b4 Bh7 10. Nc3 Ng6 11. Rb1 f6 12. Na4 Be7 13. Bd3 O-O 14. exf6 Bxf6 15. Re1 Re8 16. Nc5 Nxc5 17. bxc5 Qc7 18. h3 Re7 19. Bd2 Rf8 20. Rb3 Nh4 21. Bxh7+ Kxh7 22. Nxh4 Bxh4 23. g3 Ref7 24. f4 Bf6 25. Rd3 Re7 26. Qg4 Qd7 27. h4 Qe8 28. Kg2 h5 29. Qh3 Qg6 30. Re2 1/2-1/2

[Event "87th UKR-ch"]
[Site "Kyiv UKR"]
[Date "2018.12.19"]
[Round "8"]
[White "Baklan, Volodymyr"]
[Black "Bernadskyi, Vitalii"]
[WhiteElo "2608"]
[BlackElo "2547"]
[Result "1/2-1/2"]
[EventDate "2018.12.11"]
[PlyCount "45"]

1. e4 c6 2. d4 d5 3. e5 Bf5 4. Be2 e6 5. Nf3 Nd7 6. O-O h6 7. c3 Ne7 8. Na3 Be4 9. Re1 c5 10. dxc5 Nxc5 11. Nd4 Nc6 12. Bb5 Qc7 13. b4 Nd7 14. Nc4 Bg6 15. Ne3 Be7 16. f4 Be4 17. a3 a6 18. Bf1 Nxd4 19. Qxd4 Qb6 20. Qxb6 Nxb6 21. c4 dxc4 22. Nxc4 Nxc4 23. Rxe4 1/2-1/2

[Event "87th UKR-ch"]
[Site "Kyiv UKR"]
[Date "2018.12.19"]
[Round "8"]
[White "Bogdanovich, Stanislav"]
[Black "Kravtsiv, Martyn"]
[WhiteElo "2537"]
[BlackElo "2644"]
[Result "1-0"]
[EventDate "2018.12.11"]
[PlyCount "59"]

1. Nf3 d5 2. g3 Nf6 3. Bg2 e6 4. O-O c5 5. c4 d4 6. e3 Nc6 7. d3 Bd6 8. Na3 O-O 9. exd4 cxd4 10. Nc2 e5 11. b4 Re8 12. Re1 Bg4 13. c5 Bc7 14. h3 Bh5 15. b5 Na5 16. Nb4 e4 17. dxe4 Nxe4 18. Bb2 Nxc5 19. Rxe8+ Qxe8 20. Nd5 Bd8 21. Qxd4 Ne6 22. Re1 f6 23. Qe4 Qxb5 24. Bxf6 Nc5 25. Ne7+ Bxe7 26. Qxe7 gxf6 27. Ng5 Qd7 28. Bd5+ Kh8 29. Qxf6+ Qg7 30. Re7 1-0

[Event "87th UKR-ch"]
[Site "Kyiv UKR"]
[Date "2018.12.19"]
[Round "8"]
[White "Kuzubov, Yuriy"]
[Black "Korobov, Anton"]
[WhiteElo "2655"]
[BlackElo "2698"]
[Result "0-1"]
[EventDate "2018.12.11"]
[PlyCount "102"]

1. d4 d5 2. c4 c6 3. e3 Nf6 4. Nc3 e6 5. Bd3 Nbd7 6. a3 Bd6 7. c5 Bc7 8. f4 b6 9. b4 a5 10. Bd2 bxc5 11. bxc5 Ba6 12. Bxa6 Rxa6 13. Nge2 O-O 14. O-O Kh8 15. Rb1 Qc8 16. Qc2 Ng8 17. h3 Ne7 18. g4 Ra7 19. Kg2 f6 20. Be1 e5 21. Bg3 exd4 22. Nxd4 Re8 23. Na4 Nf8 24. Nb6 Qa6 25. Rb2 Rb7 26. Rfb1 Reb8 27. f5 Bxg3 28. Kxg3 Re8 29. Kg2 h6 30. h4 Rc7 31. Qe2 Qa7 32. Qf3 Ng8 33. Qg3 Re5 34. Kf2 Qa6 35. g5 Qd3 36. Re1 Rce7 37. Rb3 Qd2+ 38. Re2 Qc1 39. Rc2 Rxf5+ 40. Kg2 Qf1+ 41. Kh2 Qd1 42. Rf2 Rxf2+ 43. Qxf2 Re4 44. Rb2 hxg5 45. Nf3 Nh6 46. Qe2 Qc1 47. hxg5 fxg5 48. Rc2 Qxa3 49. Nxg5 Rh4+ 50. Nh3 Ne6 51. Kg2 Rxh3 0-1

[Event "87th UKR-ch"]
[Site "Kyiv UKR"]
[Date "2018.12.19"]
[Round "8"]
[White "Moiseenko, Olexandr"]
[Black "Kovchan, Alexander"]
[WhiteElo "2640"]
[BlackElo "2575"]
[Result "1/2-1/2"]
[EventDate "2018.12.11"]
[PlyCount "118"]

1. d4 Nf6 2. c4 e6 3. Nf3 a6 4. Nc3 d5 5. cxd5 exd5 6. Bg5 Be6 7. e3 Nbd7 8. Bd3 h6 9. Bf4 g5 10. Bg3 Nh5 11. Be5 Ng7 12. Bg3 Nh5 13. O-O Nxg3 14. hxg3 c6 15. Qc2 Bg7 16. b4 O-O 17. Bf5 Qc8 18. Na4 Bxf5 19. Qxf5 b5 20. Nc5 Nxc5 21. Qxc8 Raxc8 22. bxc5 f5 23. a4 Rce8 24. axb5 axb5 25. Ra6 Re6 26. Rb1 Rfe8 27. Kf1 Bf6 28. Rba1 h5 29. Rb6 Kf7 30. Raa6 g4 31. Ne1 Bxd4 32. Nd3 Be5 33. Rxc6 Rxc6 34. Rxc6 d4 35. Nxe5+ Rxe5 36. exd4 Rd5 37. Rb6 Rxd4 38. Rxb5 Ke6 39. Ke2 Rc4 40. Kd3 Rc1 41. Kd4 Rd1+ 42. Ke3 Rc1 43. Kf4 Rc2 44. Ke3 Rc1 45. Rb6+ Ke5 46. c6 Rc3+ 47. Kd2 Rc5 48. Kd3 Kd5 49. f3 gxf3 50. gxf3 f4 51. gxf4 Rxc6 52. Rb5+ Rc5 53. Rxc5+ Kxc5 54. Ke3 Kd5 55. Kf2 Ke6 56. Kg2 Kf5 57. Kg3 h4+ 58. Kxh4 Kxf4 59. Kh3 Kxf3 1/2-1/2

[Event "87th UKR-ch"]
[Site "Kyiv UKR"]
[Date "2018.12.20"]
[Round "9"]
[White "Bernadskyi, Vitalii"]
[Black "Bogdanovich, Stanislav"]
[WhiteElo "2547"]
[BlackElo "2537"]
[Result "1-0"]
[EventDate "2018.12.11"]
[PlyCount "47"]

1. e4 e5 2. Nf3 Nc6 3. Nc3 Nf6 4. d4 exd4 5. Nxd4 Bb4 6. Nxc6 bxc6 7. Bd3 d5 8. exd5 O-O 9. O-O cxd5 10. h3 c6 11. Qf3 Rb8 12. Bf4 Bd6 13. b3 Rb4 14. Ne2 Bxf4 15. Nxf4 Qd6 16. c4 a5 17. Rfd1 Be6 18. Bc2 Rfb8 19. Rd2 a4 20. Rad1 axb3 21. Bxb3 Kf8 22. cxd5 cxd5 23. Nxd5 Ne4 24. Rd3 1-0